000 01830nam a2200385Ia 4500
001 dia_5771
003 CHAP
005 20240409115742.0
007 ta
008 220117s2005 mx ae f 001 0 spa d
040 _amxchpua
_cCHAP
090 _aT.C.568
_bE87 EIUPA
_c2005
245 1 0 _aMicrocervecera Emperador /
_ccoordinador Teodoro Espinosa Solares ; colaboradores Jovane Bravo Martínez...[y otros]
260 _aMéxico :
_bEl Autor,
_c2005
336 _2rdacontent
_atexto
_btxt
337 _2rdamedia
_ano mediado
_bn
338 _2rdacarrier
_avolumen
_bnc
500 _aGrado: 7° año Grupo: 01 El CD. solo contiene planos.
502 _aViaje de estudios
_b(EIUPA) --
_cUACh. Departamento de Ingeniería Agroindustrial,
_d2005
505 0 0 _aContiene 4 planos: -- 1.Diagramas de tubería e instrumentación -- 2. Diagrama de flujo -- 3. Diagrama de bloques de proceso -- 4. Distribución de áreas (Esc. 1:100)
650 1 3 _aIndustria cervecera
_957799
650 1 3 _aBrewing industry
_9151423
700 1 _aEspinosa Solares, Teodoro
_9153069
_ecoordinador
700 1 _aBravo Martínez, Jovane
_915139
_ecolaborador
856 4 2 _uhttp://10.13.5.2/ve/TC568EIUPA/TC568EIUPA2005-PLANO-DTICERVEZA.pdf
_yDESCARGAR PLANO DTI CERVEZA
856 4 2 _uhttp://10.13.5.2/ve/TC568EIUPA/TC568EIUPA2005-PLANO-DISTRIBUCIONDEAREAS.pdf
_yDESCARGAR PLANO DE DISTRIBUCIÓN DE ÁREAS
856 4 2 _uhttp://10.13.5.2/ve/TC568EIUPA/TC568EIUPA2005-PLANO-DIAGRAMADEFLUJO.pdf
_yDESCARGAR PLANO DIAGRAMA DE FLUJO
856 4 2 _uhttp://10.13.5.2/ve/TC568EIUPA/TC568EIUPA2005-PLANO-DIAGRAMADEBLOQUES.pdf
_yDESCARGAR PLANO DIAGRAMA DE BLOQUES
901 _aT.C.568 E87 EIUPA 2005
902 _aM
905 _a5132272005 mx el 8223122322spa16
942 _2local
942 _cVE
999 _c176782
_d176782